1743 1823 1175 1735 1491 1120 1625 1642 1060 1673 1697 1237 1453 1776 1018 1871 1830 1743 1211 1968 1522 1106 1044 1393 1329 1895 1912 1186 1216 1572 1334 1998 1135 1169 1217 1049 1223 1887 1906 1372 1346 1261 1398 1623 1411 1850 1637 1910 1587 1119 1216 1545 1325 1707 1712 1466 1345 1315 1175 1358 1132 1331 1054 1542 1320 1445 1831 1976 1422 1387 1762 1191 1580 1851 1444 1341 1416 1346 1914 1111 1550 1771 1547 1537 1429 1102 1777 1298 1800 1112 1357 1821 1126 1244 1054 1274 1914 1985 1791 BCNSPRNW ULIB Ver.6.0+V

เปลี่ยนเป็นภาษาไทย

Change to English
 แสดงรายละเอียดบรรณานุกรม
  กลับหน้าหลัก

Brief Record : Get Marc (ISO 2709) : E-mail record : QR code < ปิดหน้าต่าง
LEADER : 00000nam 2200000uu 4500
001    13399115063
003     ULIB
008    120706s2550||||th 000 0 tha d
020    ^a9789744729644
090    ^aนว.^bร930ฮ ล.4 2550
100 0  ^aโรว์ลิ่ง, เจ.เค.
245 00 ^aแฮร์รี่ พอตเตอร์ กับถ้วยอัคนี เล่ม4/^cโรว์ลิ่ง, เจ.เค.
250    ^aพิมพ์ครั้งที่ 18
260    ^aกรุงเทพฯ :^bนานมีบุ๊คส์,^c2550
300    ^a832 หน้า
710 1  ^aนานมีบุ๊คส์
945    ^p0^l0^i14052
995    ^aกัณชพร
999    ^aใช้งานได้ทุกระบบ
รายการนี้ยังไม่มีแท็ก
คุณยังไม่ได้ล็อกอิน คุณสามารถมีกิจกรรมร่วมกับเว็บไซต์ได้ แต่ต้องล็อกอินก่อน ::
  ล็อกอิน

รายการสื่อสารสนเทศ

ลำดับที่ ประเภท เลขเรียก/บาร์โค้ด สถานที่ สถานะ
1. นวนิยาย
นวนิยาย
นว. ร930ฮ ล.4 2550  
  Barcode: 14052
ห้องสมุดวิทยาเขตสวรรค์ประชารักษ์
►นวนิยาย
บนชั้น
  ขอยืม

รายการใกล้เคียง
    ผู้แต่ง [โรว์ลิ่ง, เจ.เค.]

BibComment


ยังไม่เคยถูกคอมเมนท์

คอมเมนท์ทรัพยากรรายการนี้
  คอมเมนท์: แฮร์รี่ พอตเตอร์..


 Copyright 2026. Bcnsprnw @Library